General guide book. (Record no. 73034)

MARC details
000 -LEADER
fixed length control field 00514cam a22002051 4500
001 - CONTROL NUMBER
control field sa 67002085
003 - CONTROL NUMBER IDENTIFIER
control field DLC
005 - DATE AND TIME OF LATEST TRANSACTION
control field 20260227112328.0
008 - FIXED-LENGTH DATA ELEMENTS--GENERAL INFORMATION
fixed length control field 850426s1959 ii ae 000 0 eng
010 ## - LIBRARY OF CONGRESS CONTROL NUMBER
LC control number sa 67002085
025 ## - OVERSEAS ACQUISITION NUMBER
Overseas acquisition number PL480:I-E-6884
035 ## - SYSTEM CONTROL NUMBER
System control number (OCoLC)11967501
040 ## - CATALOGING SOURCE
Original cataloging agency DLC
Transcribing agency CLU
Modifying agency DLC
042 ## - AUTHENTICATION CODE
Authentication code premarc
050 00 - LIBRARY OF CONGRESS CALL NUMBER
Classification number AM101
Item number .I455 1959
110 2# - MAIN ENTRY--CORPORATE NAME
Corporate name or jurisdiction name as entry element Indian Museum.
245 10 - TITLE STATEMENT
Title General guide book.
260 ## - PUBLICATION, DISTRIBUTION, ETC.
Place of publication, distribution, etc. [Calcutta]
Date of publication, distribution, etc. 1959.
300 ## - PHYSICAL DESCRIPTION
Extent 1 v. (unpaged)
Other physical details illus., plans.
Dimensions 28 cm.

No items available.

Powered by Koha